000 00260nam a22001097a 4500
005 20161222173502.0
008 161222b xxu||||| |||| 00| 0 eng d
041 _aeng
245 _aElectrical Engineering (Gate 2016 )
260 _bEngineers Academy
942 _cBK
999 _c5323
_d5321